000 00842nam a2200265Ia 4500
003 OSt
005 20220925210920.0
006 a|||||r|||| 00| 0
007 ta
008 220923b |||||||| |||| 00| 0 eng d
020 _a9789350301197
_c2295.00
037 _bIN3736/18-19, 14/03/2019, R K Books
_cGeneral Book
040 _aRTL
_cRTL
_beng
041 _2eng
_aeng
082 _aU2894:(G:55), Q3
100 _aYADAV Rajesh K
_9273484
245 0 _aEnvironmental changes and natural disaster.
260 _aJaipur
_bOxford Book Company
_c2013
300 _avi, 296p.
_ccm.
500 _aGlossary: p 405-417
650 _aGeography
700 _a SINGH Rajbir
_9273485
942 _hU2894:(G:55), Q3
_cGB
_2CC
999 _c556248
_d556248